| 000 | 00365 a2200157 4500 | ||
|---|---|---|---|
| 001 | 71253 | ||
| 020 | _a8532248152 | ||
| 040 | _cAnchieta - Colégio São Paulo | ||
| 100 | _aKupstas, Marcia | ||
| 240 | 1 | 0 |
_aO misterioso baú do vovô _lpor |
| 245 | 1 | 0 | _aO misterioso baú do vovô |
| 300 | _a47 | ||
| 362 | 0 | _a2001 | |
| 650 | 4 | _aLiteratura infantil | |
| 942 | _cBK | ||
| 999 |
_c71253 _d71253 |
||